000 00557cam a2200145 4500500
005 20251012032639.0
041 _afre
042 _adc
100 1 0 _aLe Moing, Monique
_eauthor
245 0 0 _aA Plumagem dos nomes. Gilberto: 50 Anos de Literatura, organizaçao, introduçâo e notas de Eliane Vasconcellos, Goiânia, Editora KELSP, 2007, 811 pages.
260 _c2009.
500 _a16
786 0 _nSigila | 23 | 1 | 2009-06-20 | p. 221-223 | 1286-1715
856 4 1 _uhttps://shs.cairn.info/revue-sigila-2009-1-page-221?lang=fr&redirect-ssocas=7080
999 _c1547935
_d1547935